| 000 | | | 04279nmc2a2200000 x 450 |
| 001 | | | dbd27d88-a1f7-4e76-9b76-b97456a2183b |
| 005 | | | 20151229143229.0 |
| 100 | ## | $a | 20150420l18181818k l0rusy0189 ca |
| 101 | 0# | $a | rus |
| 102 | ## | $a | RU |
| 200 | 1# | $a | Дело о запрещении Московскому цензурному комитету разрешать произведения с включенными в них текстами других авторов в связи с изданием книги П. Вавилова "Драгоценный подарок детям или новейшая и полная энциклопедическая азбука российская" с включением в нее правил для учащихся, изданных Комиссией училищ |
| | $j | 9 октября - 13 ноября 1818 г. |
| 251 | ## | $c | Дело |
| 300 | ## | $a | Дело |
| 300 | ## | $a | Ориг. заголовок дела: Дело о перепечатании книгопродавцом Вавиловым в книге "Драгоценный подарок детям" изданных Комиссией училищ правил для учащихся. 9 октября 1818 г. - 13 ноября 1818 г |
| 801 | #0 | $a | RU |
| | $b | РГИА |
| | $c | 20150420 |
| | $g | RCR |
| 801 | #1 | $a | RU |
| | $b | ГлавНИВЦ |
| | $c | 20150420 |
| | $2 | rusmarc |
| 801 | #2 | $a | RU |
| | $b | ПБ им. Б.Н. Ельцина |
| | $c | 20151229 |
| | $g | RCR |
| | $2 | rusmarc |
| 850 | ## | $a | РГИА |
| 852 | ## | $a | РГИА |
| | $e | Федеральное казенное учреждение "Российский государственный исторический архив" (РГИА) |
| | $j | 23 |
| 937 | ## | $h | РГИА |
| | $d | 11385500 |
| | $a | ASBIBLIO_SCAN |
| 462 | #0 | $1 | 0017ff33d0d-4fb3-4ffd-a38b-3e370d0d7251 |
| | $1 | 2001 |
| | $a | Общие дела 1-го отделения Департамента народного просвещения за 1818-1840 гг. |
| | $1 | 251 |
| | $c | Опись |
| | $1 | 852 |
| | $j | 87 |
| 461 | #0 | $1 | 001a74412a3-3cc5-4d21-8f0a-dfe2fbd9e72d |
| | $1 | 2001 |
| | $a | Департамент народного просвещения Министерства народного просвещения |
| | $1 | 251 |
| | $c | Фонд |
| | $1 | 852 |
| | $j | 733 |
| 215 | ## | $a | 9 л. |
| | $d | 36,5х26 см |
| 371 | ## | $a | Документ не является опубликованным и широко распространяемым |
| 105 | ## | $a | у### |
| 122 | 2# | $a | d |
| 517 | 1# | $a | Дело о перепечатании книгопродавцом Вавиловым в книге "Драгоценный подарок детям" изданных Комиссией училищ правил для учащихся. 9 октября 1818 г. - 13 ноября 1818 г |
| 035 | ## | $a | dbd27d88-a1f7-4e76-9b76-b97456a2183b |